000 00379nam a2200145 i 4500
001 bg
100 1 _aPIEROŻEK, Bogumił
245 0 _aSpawanie łukowe stali w osłonach gazowych /
_cB. Pierożek, J. Lassociński.
260 _aWarszawa,
_c1987.
700 1 _aLASSOCIŃSKI, Jacek
040 _cBPK
041 _apol
942 _cKS
008 s pl f |000 0 pol
999 _c3320
_d3320
856 _uhttp://koha.tu.koszalin.pl/cgi-bin/koha/opac-detail.pl?biblionumber=3320
_yKatalog online BPK